000 01167nam a2200265I 4500
001 encyclopediaofco016newy
003 CaSfIA
005 20210118004436.0
007 cr||||
008 780516s1971 nyu 000 0 eng d
040 _aAPL
_cAPL
_dCaSfIA
035 _a(OCoLC)3901158
050 4 _aTX349
_b.B44
082 0 4 _a641.503
_bB466e
130 0 _aBetter homes and gardens.
245 1 0 _aEncyclopedia of cooking.
_h[electronic resource]
260 _aNew York,
_bMeredith Corp.,
_cc1971.
300 _a18 v.
_billus. (part col.)
500 _aVol. 18 contains index.
856 4 1 _uhttp://www.archive.org/details/encyclopediaofco016newy
_zFree eBook from the Internet Archive
_3Volume 16
856 4 2 _uhttp://www.openlibrary.org/books/OL24206173M
_zAdditional information and access via Open Library
_3Volume 16
942 _cEB
506 _fНеобхідна авторизація на https://archive.org/ (створення облікового запису безкоштовно)
506 _fНеобхідна авторизація на https://openlibrary.org/ (створення облікового запису безкоштовно)
999 _c492751
_d492751